00210nam a2200085Ia 4500008004100000100001400041245003600055260001300091650002000104190216s9999||||xx |||||||||||||| ||und|| aClose R A 2aA University Grammer Of English bLongmans aEnglish Grammer